<?xml version="1.0" encoding="UTF-8"?>
<record
    xmlns:xsi="http://www.w3.org/2001/XMLSchema-instance"
    xsi:schemaLocation="http://www.loc.gov/MARC21/slim http://www.loc.gov/standards/marcxml/schema/MARC21slim.xsd"
    xmlns="http://www.loc.gov/MARC21/slim">

  <leader>00407    a2200109   4500</leader>
  <controlfield tag="001">ART_39788</controlfield>
  <controlfield tag="005">20260410162012.0</controlfield>
  <controlfield tag="008">260409a                                 </controlfield>
  <datafield tag="245" ind1="1" ind2="0">
    <subfield code="a">El intercambio de informaci&#xF3;n tributaria internacional para la imposici&#xF3;n de los capitales de los residentes en el exterior</subfield>
  </datafield>
  <datafield tag="100" ind1="1" ind2=" ">
    <subfield code="a">Arceo, Nicol&#xE1;s</subfield>
  </datafield>
  <datafield tag="773" ind1="0" ind2=" ">
    <subfield code="t">Realidad econ&#xF3;mica</subfield>
    <subfield code="g">- N&#xBA; 229 (jul./ago. 2007)</subfield>
    <subfield code="w">REV39723</subfield>
  </datafield>
  <datafield tag="999" ind1=" " ind2=" ">
    <subfield code="c">32314</subfield>
    <subfield code="d">32314</subfield>
  </datafield>
</record>
